000 00498nam a22001817a 4500
005 20251108174803.0
008 250721s9999 xx 000 0 ara d
082 1 4 _aJ/372.21/FIS
100 1 _afisher، linda
245 1 0 _aHEAD Start- Shape and colour /
264 1 _alondon :
_bbrockhampton press،
650 1 7 _aLEARNING
650 1 7 _aCHILDREN
653 _aأطفال ما قبل المدرسة (6-9)سنوات
700 1 _asage، angie
_eIllus.
942 _2ddc
_cBK
999 _c118004
_d118004